000 00468nam a2200181 4500
001 10827
005 20230410115756.0
008 060907n1980 dr spa
020 _a0080261140
035 _9funglode10911
041 _aEN
050 1 4 _aHM 131 H397r 1980
100 _aHawrylyshyn, Bohdan
245 1 _aRoad maps to the future :
_bBohdan Hawrylyshyn
260 _aOxford :
_bPergamon press,
_c1980
300 _aXV, 193 p.
942 _2lcc
_cbk
999 _c47740
_d47740